01642cam a22003011 4500001001300000003000400013005001700017008004100034010001700075035001900092040004900111042001200160050002300172051001800195100002100213245015800234260004400392300007200436440004800508500002000556501048200576504002901058530006901087650002301156700005801179700005201237856005101289gs 13000115 DLC20260227111314.0770321s1912 dcuabf b f001 0 eng c ags 13000115  a(OCoLC)2823459 aU. S. Geol. survey. LibrarycODadOCoLCdDLC apremarc00aTC801b.U2 no. 259 aGB1025.O3bF81 aFuller, Myron L.14aThe underground waters of southwestern Ohio /cby M. L. Fuller and F. G. Clapp ; with a discussion of the chemical character of the waters by R. B. Dole. aWashington :bGovt. print. off.,c1912. a228 p., [6] leaves of plates :bill., fold. maps, diagrs. ;c24 cm. 0aGeological Survey water-supply paper ;v259 aIncludes index. aTC801.U2 no. 259 with: Preliminary report on the ground waters of Estancia Valley, New Mexico / by Oscar E. Meinzer -- Surface water supply of the United States, 1909. Part I, North Atlantic Coast / by H.K. Barrows, C.C. Covert and R.H. Bolster -- Surface water supply of the United States, 1909. Part II, South Atlantic Coast and eastern Gulf of Mexico / by M.R. Hall and R.H. Bolster. Washington : Govt. print. off., 1910-1911. Bound together subsequent to publication.5DLC aBibliography: p. 16-17. aAlso available in digital form on the Internet Archive Web site. 0aGroundwaterzOhio.1 aClapp, Frederick G.q(Frederick Gardner),d1879-1944.1 aDole, Richard B.q(Richard Bryant),d1880-1917.41uhttp://hdl.loc.gov/loc.gdc/scd0001.00199536539